Statistics for Countries No Longer With Us #2

Click here to take the quiz!

General Stats

  • This quiz has been taken 103 times
  • The average score is 14 of 24

Answer Stats

DescriptionDateAnswer% Correct
The nations of Great Britain, now part of a larger collective.1707Scotland
97%
The nations of Great Britain, now part of a larger collective.1707Wales
97%
A kingdom on the coast of the Baltic Sea that would grow to unify Germany1871Prussia
94%
The nations of Great Britain, now part of a larger collective.1707England
93%
The Ferdinand half of Ferdinand and Isabella1479Aragon
80%
An Italian Kingdom named after a city, south of Rome.1816Naples
80%
Island nation off the coast of Africa that briefly was the capital of Oman.1964Zanzibar
69%
The largest European empire since the Romans (up to that point), covering France, Germany, Italy, and more, led by Charlemagne himself.c. 800Franks
64%
The dynastic union between Portugal and the Spanish crown1640Iberian Union
62%
A highly contested region, under the control of China, India, and Pakistan today. It was briefly independent and ruled by the Shah Mir Dynasty.1561Kashmir
62%
The large part of Tanzania before the union with the above.1964Tanganyika
62%
The short-lived, only Mormon-led country in history, led by Brigham Young.1858Utah
62%
This kingdom, also known as "West Saxony," existed in southern Great Britain until it was unified with other kingdoms by Athelstan into England.927Wessex
62%
An Indigenous American participatory democracy made up of six states that some speculate to have been a model, at least partly, for the United States.c. 1812Iroquois Confederacy
59%
A kingdom in modern-day Romania that eventually fell to the Ottomans1417Wallachia
53%
An expansive empire that covered modern-day southern Russia, Ukraine, Kazakhstan, and other central asian countries at its peak. It eventually fragmented into smaller khanates which lasted until around 1850.c. 1466Golden Horde
49%
A Catholic crusader-state on the Southeast Baltic shore.1525Teutonic Order
46%
This Iberian kingdom was formed from the division of the Old Asturian kingdom between Alfonso III's three sons. This one lasted the longest, before eventually joining the Kingdom of Castille.1479Leon
44%
The first distinctively Greek civilization.c. 1100 BCMycenae
33%
The first three great Muslim Caliphates661Rashidun Caliphate
31%
The very difficult to pronounce kingdom on the islands of Sumatra, Java, Sulawesi, Borneo, and the Malay Peninsula1527Majapahit
29%
The first three great Muslim Caliphates750Umayyad Caliphate
24%
The first three great Muslim Caliphates1517Abbasid Caliphate
21%
A medieval feudal state found in modern-day Georgia, and eventually unified with the Kingdom of Iberia (not the peninsula) under one king until it was eventually conquered by the Mongols.c.1240Abkhazia
14%

Score Distribution

Percentile by Number Answered

Percent of People with Each Score

Your Score History

You have not taken this quiz